Marketing Identity: Digital Mirrors, PT I : 15th Annual International Scientific Conference on Marketing Identity - Digital Mirrors, 06-07.11. 2018, Smolenice, SR

Salvato in:
Dettagli Bibliografici
Ente Autore: Annual International Scientific Conference on Marketing Identity - Digital Mirrors Smolenice, SR
Natura: Atti del Convegno Libro
Lingua:slovacco
Pubblicazione: Trnava : UCM, 2018
Tags: Aggiungi Tag
Nessun Tag, puoi essere il primo ad aggiungerne!!

MARC

LEADER 00000nam a22000003a 4500
001 0073750
003 SK-STU
005 20190613110256.5
007 ta
008 190612s ----xo-----e------100-0-----d
020 |a 978-80-8105-984-1 
022 |a 1339-5726 
040 |a STU  |b slo 
041 0 |a slo 
044 |a xo 
111 2 |a Annual International Scientific Conference on Marketing Identity - Digital Mirrors  |n 15th  |d 06. - 07. 11. 2018 :  |c Smolenice, SR 
245 1 0 |a Marketing Identity: Digital Mirrors, PT I :  |b 15th Annual International Scientific Conference on Marketing Identity - Digital Mirrors, 06-07.11. 2018, Smolenice, SR 
260 |a Trnava :  |b UCM,  |c 2018 
996 |b 284M088196  |c M* Z-4453  |l MMKN  |s A  |a 24  |w 0073750_0001